000 00677nam a22002057a 4500
005 20240530110557.0
008 160319s2011 ua g 000 0 ara d
017 _a2011/20280
_bمص . دار الكتب المصرية
020 _a9789773564116
040 _aEG-CaGPL
082 0 4 _221
_a418.02\
_bخ م
100 0 _aخالد توفيق .
245 1 0 _aمبادئ الترجمة الدينية /
_cخالد توفيق .
250 _aط1.
260 _aالقاهرة :
_bهلا للنشر و التوزيع ،
_c2011 .
300 _a203 ص ؛
_c20 سم .
650 0 4 _aالقران
_xترجمة .
942 _2ddc
_cBK
999 _c62595
_d62595